000 00437nam a2200157Ia 4500
008 230312s9999||||xx |||||||||||||| ||und||
020 _a0-201-53174-7
082 _a515.15
_bTHO-C
100 _aThomas,george.b
245 0 _aCalculus and analytic geometry
260 _bAddison wesley publishing company
_c2004
300 _aA-72
546 _aEng.
650 _aEconomics
_vLimits and continuity,derivatives,preliminaries
942 _cBK
999 _c4822
_d4822